God and the state /

Bibliographic Details
Main Author: Bakunin, Mikhail Aleksandrovich, 1814-1876
Corporate Author: Paul Avrich Collection (Library of Congress)
Format: Microform Book
Language:English
Published: Boston : Benj. R. Tucker, 1890.
Edition:7th ed.
Series:Radical Pamphlets in American Collections.
Subjects:

MARC

Tag First Indicator Second Indicator Subfields
LEADER 00000cam a2200000 a 4500
001 in00001306521
005 20151005061802.0
007 he am||||||||
008 940623s1890 mau b 000 0 eng
010 |a  94175324  
035 |a (OCoLC)31712119 
035 |9 AHB5459AM 
040 |a DLC  |c DLC  |d TXA  |d UtOrBLW 
041 1 |a eng  |h fre 
049 |a TXAI 
050 0 0 |a HX833  |b .B313 1890 
099 |a fiche C  |a 10712  |a no.1.1.56 
100 1 |a Bakunin, Mikhail Aleksandrovich,  |d 1814-1876. 
240 1 0 |a Dieu et l'État.  |l English 
245 1 0 |a God and the state /  |c by Michael Bakounine ; with a preface by Carlo Cafiero and Elisée Reclus ; translated from the French by Benj. R. Tucker. 
250 |a 7th ed. 
264 1 |a Boston :  |b Benj. R. Tucker,  |c 1890. 
300 |a 52 pages ;  |c 24 cm. 
336 |a text  |b txt  |2 rdacontent 
337 |a microform  |b h  |2 rdamedia 
338 |a microfiche  |b he  |2 rdacarrier 
490 1 |a Radical Pamphlets in American Collections 
500 |a Translation of: Dieu et l'État. 
500 |a Source: Gift of Paul Avrich, March 1991.  |5 DLC 
533 |a Microfiche.  |b Alexandria, VA :  |c Chadwyck-Healey, Inc.,  |d 1986.  |e 1 microfiche ; 11 x 15 cm. 
500 |a Microform. 
650 0 |a Anarchism. 
650 0 |a Atheism. 
650 0 |a Christianity  |v Controversial literature. 
710 2 |a Paul Avrich Collection (Library of Congress)  |5 DLC 
830 0 |a  Radical Pamphlets in American Collections. 
999 |a MARS 
999 f f |s c2c5b03d-34c0-327a-9b46-1a1d72d9bd51  |i c2829e88-c541-3635-b5dd-094ec6d21256  |t 0 
952 f f |p default  |a Texas A&M University  |b College Station  |c Sterling C. Evans Library  |d Evans: Microforms (3rd floor)  |t 0  |e fiche C 10712 no.1.1.56  |h Other scheme  |i microform -- microfiche 
998 f f |a fiche C 10712 no.1.1.56  |t 0  |l Evans: Microforms (3rd floor)